Les personnages de The Marvels - #33 - Statistiques

Statistiques générales
  • Ce quiz a été pris 10 fois
  • Le résultat moyen est 7 sur 17
Statistiques - réponses
Réponse % Correct
Carol Danvers / Captain Marvel
100%
Nick Fury
100%
Kamala Khan / Miss Marvel
89%
Monica Rambeau
67%
Dar-Benn
56%
Maria Rambeau / Binary
33%
Yusuf Khan
33%
Dag
22%
empereur Dro'ge
22%
Hank McCoy / le Fauve
22%
Kate Bishop
22%
Muneeba Khan
22%
Talia
22%
Ty-Rone
22%
Valkyrie
22%
Amie Khan
11%
Yan D'Aladna
11%
Aucun quiz correspondant
Distribution des résultats
% des personnes avec chaque résultat
Percentile par nombre de réponses
Votre historique - résultats
Vous n’avez pas pris ce quiz